000 01003nam a22002897a 4500
003 OSt
005 20220107122900.0
008 201021b xxu||||| |||| 00| 0 eng d
020 _a9789811543005
040 _cIIITMK
082 _a006.31 THA/M;1
100 _aThampi, Sabu M
_918397
245 _aMachine learning and metaheuristics algorithms, and applications:
_bFirst symposium, SoMMA 2019 Trivandrum, India, December 18-21, 2019 revised Selected papers
260 _aSingapore,
_bSpringer,
_c2020.
300 _axii, 263p.
440 _aSpringer serien in Communications in computer and information science
_v1203
_918398
650 _aCOMPUTER SCIENCE
_918399
650 _aINTERNET OF THINGS
_918400
650 _aMACHINE LEARNING
_918401
650 _aNEURAL NETWORK
_918402
700 _aTrajkovic, Ljiljana
_918403
700 _aLi, Kuan - Ching
_918404
700 _aDas, Swagatam
_918405
700 _aBerretti, Stefano
_918406
700 _aWozniak, Michal
_918407
942 _2ddc
_cBK
999 _c6812
_d6812